000 01163cad a22002535a 4500
001 L154112
008 111014s2011 xxk f 000 0 eng d
020 _a9781842197202
035 _a(Sirsi) u154112
041 0 _aeng
050 0 4 _a695 $2 20
110 2 _aRoyal Institution of Chartered Surveyors
_94900
245 0 0 _aFlat roof coverings
_h[electronic resource]
250 _a2nd ed.
260 _aCoventry
_bRICS
_c2011
490 0 _aRICS Practice Standards UK
490 0 _aRICS Information Paper
_v(IP 24/2011)
520 _aThis publication provides information on the diagnosis, remedy and prevention of failures in a variety of existing flat roof weathering materials, both continuously supported roof coverings and rigid sheets. Reference is also made to the various features commonly encountered and their associated faults.
590 _aKA
651 4 _aUnited Kingdom
_y
690 _aBUILT ENVIRONMENT-BUILDING ELEMENTS-COMPLETE BUILDING ELEMENTS-ROOFS
856 4 0 _uhttps://www.rics.org/Global/Flat_roof_coverings_2nd_edition_PGguidance_2011.pdf
_zView this document online for free at www.rics.org (member-only access).
942 _n0
999 _c112846
_d112846